Опытная механика: курс лекций; пер. с англ.

Bibliographic Details
Main Author: Болл Р. С. Роберт Стоуэлл
Summary:Предлагаемая читателю книга, написанная английским математиком и астрономом Р. С. Боллом на основе его популярных лекций, должна бы­ла представлять собой, по замыслу автора, введение к учебнику по теоре­тической механике. Автор не только излагает основные положения меха­ники ясным и понятным языком, но и делает упор на применение доказа­тельств, основанных на опытах, обращая при этом особое внимание на вопрос о практической пользе предметов, выбранных для этих опытов.Книга, впервые вышедшая в свет во второй половине XIX века, и в наше время сохраняет свою актуальность. Она будет полезна учителям средних школ, преподавателям и студентам педагогических вузов, руко­водителям физических кружков, а также всем, кто изучает теоретическую механику и желает расширить свои познания в этой области.
Language:Russian
Published: Москва, ЛЕНАНД, 2016
Edition:2-е изд.
Series:Науку - всем! Шедевры научно-популярной литературы (физика) 117
Subjects:
Format: Book
KOHA link:https://koha.lib.tpu.ru/cgi-bin/koha/opac-detail.pl?biblionumber=307022

MARC

LEADER 00000nam0a2200000 4500
001 307022
005 20231102001942.0
010 |a 9785971028123 
035 |a (RuTPU)RU\TPU\book\332300 
090 |a 307022 
100 |a 20151014d2016 m y0rusy50 ca 
101 1 |a rus  |c eng 
102 |a RU 
105 |a a j 000zy 
200 1 |a Опытная механика  |e курс лекций  |e пер. с англ.  |f Р. С. Болл 
205 |a 2-е изд. 
210 |a Москва  |c ЛЕНАНД  |d 2016 
215 |a 350 с.  |c ил. 
225 1 |a Науку - всем! Шедевры научно-популярной литературы (физика)  |v 117 
330 |a Предлагаемая читателю книга, написанная английским математиком и астрономом Р. С. Боллом на основе его популярных лекций, должна бы­ла представлять собой, по замыслу автора, введение к учебнику по теоре­тической механике. Автор не только излагает основные положения меха­ники ясным и понятным языком, но и делает упор на применение доказа­тельств, основанных на опытах, обращая при этом особое внимание на вопрос о практической пользе предметов, выбранных для этих опытов.Книга, впервые вышедшая в свет во второй половине XIX века, и в наше время сохраняет свою актуальность. Она будет полезна учителям средних школ, преподавателям и студентам педагогических вузов, руко­водителям физических кружков, а также всем, кто изучает теоретическую механику и желает расширить свои познания в этой области. 
606 1 |a Механика теоретическая  |2 stltpush  |3 (RuTPU)RU\TPU\subj\59441  |9 76991 
610 1 |a физика 
610 1 |a силы 
610 1 |a тяготение 
610 1 |a устойчивость 
610 1 |a неустойчивость 
610 1 |a трение 
610 1 |a силы трения 
610 1 |a наклонные плоскости 
610 1 |a рычаги 
610 1 |a механические свойства 
610 1 |a мосты 
610 1 |a центробежные силы 
610 1 |a инерция 
610 1 |a маятники 
610 1 |a колебания 
610 1 |a часовые механизмы 
610 1 |a учебные пособия 
675 |a 531(075.8)  |v 4 
700 1 |a Болл  |b Р. С.  |g Роберт Стоуэлл 
801 1 |a RU  |b 63413507  |c 20151014 
801 2 |a RU  |b 63413507  |c 20160404  |g RCR 
900 |a Механика 
900 |a Теоретическая механика 
942 |c BK 
959 |a 127/20151014  |d 1  |e 0  |f ЧЗТЛ:1